Sinagogas españolas (Record no. 39789)

MARC details
000 -LEADER
campo de control de longitud fija 00975nam a2200253 i 4500
001 - NÚMERO DE CONTROL
campo de control 39789
003 - IDENTIFICADOR DE NÚMERO DE CONTROL
campo de control ES-MaACL
005 - FECHA Y HORA DE LA ÚLTIMA TRANSACCIÓN
campo de control 20230906160101.0
007 - CAMPO FIJO DE DESCRIPCIÓN FÍSICA--INFORMACIÓN GENERAL
campo de control de longitud fija t|
008 - DATOS DE LONGITUD FIJA--INFORMACIÓN GENERAL
campo de control de longitud fija 030304s1984 sp ||||1| spa d
020 ## - NÚMERO INTERNACIONAL ESTÁNDAR DEL LIBRO
Número Internacional Estándar del Libro 84-00-05525-X
100 1# - ENTRADA PRINCIPAL--NOMBRE DE PERSONA
Nombre de persona Cantera Burgos, Francisco.
9 (RLIN) 34642
245 10 - MENCIÓN DEL TÍTULO
Título Sinagogas españolas
Resto del título : con especial estudio de la de Córdoba y la toledana de El Tránsito /
Mención de responsabilidad, etc. Francisco Cantera Burgos.
250 ## - MENCION DE EDICION
Mención de edición Reimp.
260 ## - PUBLICACIÓN, DISTRIBUCIÓN, ETC.
Lugar de publicación, distribución, etc. Madrid :
Nombre del editor, distribuidor, etc. Instituto Benito Arias Montano,
Fecha de publicación, distribución, etc. 1984.
300 ## - DESCRIPCIÓN FÍSICA
Extensión 375 p., 34 h. de lám., 4 h. pleg. :
Otras características físicas il. ;
Dimensiones 22 cm.
490 1# - MENCIÓN DE SERIE
Mención de serie Publicaciones del Instituto Benito Arias Montano. Serie G, Arte y arqueología ;
Designación de volumen o secuencia 1
500 ## - NOTA GENERAL
Nota general Indices.
650 #4 - PUNTO DE ACCESO ADICIONAL DE MATERIA--TÉRMINO DE MATERIA
Término de materia o nombre geográfico como elemento de entrada Sinagogas-
Subdivisión geográfica España.
9 (RLIN) 156803
710 2# - ENTRADA AGREGADA--NOMBRE DE ENTIDAD CORPORATIVA
Nombre de entidad corporativa o nombre de jurisdicción como elemento de entrada Instituto "Arias Montano"
9 (RLIN) 4797
830 0# - PUNTO DE ACCESO ADICIONAL DE SERIE-TÍTULO UNIFORME
Título uniforme Publicaciones del Instituto Benito Arias Montano. Serie G, Arte y arqueología ;
Designación de volumen o secuencia 1
9 (RLIN) 229721
852 ## - LOCALIZACIÓN
Ubicación ES-MaACL
Número de control de estantería L-10489
Sublocalización o colección R.112392
Holdings
Estatus retirado Estado de pérdida Estado de daño No para préstamo Biblioteca de origen Biblioteca actual Ubicación en estantería Fecha de adquisición Fuente de adquisición Total de préstamos Signatura topográfica completa Código de barras Visto por última vez Precio de reemplazo Tipo de ítem Koha
        Biblioteca del Ateneo de Madrid Biblioteca del Ateneo de Madrid Depósito 2 17/01/2008     L-10489 1041900 23/02/2023 23/02/2023 Libro impreso